Pokemon - All starter pokemons - Statistics

General Stats
  • This quiz has been taken 18 times
  • The average score is 13 of 83
Answer Stats
Generation Type Starter % Correct
Gen 1
Grass Poison
Bulbasaur
100%
Gen 1
Fire
Charmander
93%
Gen 1
Water
Squirtle
86%
Gen 1
Fire Flying
Charizard
79%
Gen 1
Grass Poison
Ivysaur
79%
Gen 1
Electric
Pikachu
79%
Gen 1
Water
Blastoise
71%
Gen 1
Water
Wartortle
71%
Gen 1
Fire
Charmeleon
64%
Gen 1
Normal
Eevee
64%
Gen 1
Grass Poison
Venusaur
64%
Gen 2
Grass
Chikorita
50%
Gen 2
Grass
Bayleef
36%
Gen 2
Grass
Meganium
29%
Gen 2
Fire
Cyndaquil
21%
Gen 7
Fire
Litten
21%
Gen 5
Fire
Tepig
21%
Gen 3
Fire
Torchic
21%
Gen 7
Fire
Torracat
21%
Gen 4
Fire
Chimchar
14%
Gen 7
Grass Flying
Rowlet
14%
Gen 5
Water
Samurott
14%
Gen 8
Fire
Scorbunny
14%
Gen 2
Water
Totodile
14%
Gen 2
Fire
Typhlosion
14%
Gen 3
Fire Fighting
Blaziken
7%
Gen 3
Fire Fighting
Combusken
7%
Gen 2
Water
Croconaw
7%
Gen 7
Grass Ghost
Decidueye
7%
Gen 6
Fire Psychic
Delphox
7%
Gen 5
Fire Fighting
Emboar
7%
Gen 2
Water
Feraligatr
7%
Gen 6
Water
Froakie
7%
Gen 6
Water Dark
Greninja
7%
Gen 5
Water
Oshawott
7%
Gen 5
Fire Fighting
Pignite
7%
Gen 7
Water
Popplio
7%
Gen 7
Water Fairy
Primarina
7%
Gen 2
Fire
Quilava
7%
Gen 3
Grass
Sceptile
7%
Gen 5
Grass
Snivy
7%
Gen 3
Grass
Treecko
7%
Gen 4
Grass
Turtwig
7%
Gen 6
Fire
Braixen
0%
Gen 7
Water
Brionne
0%
Gen 6
Grass Fighting
Chesnaught
0%
Gen 6
Grass
Chespin
0%
Gen 8
Fire
Cinderace
0%
Gen 9
Fire
Crocalor
0%
Gen 7
Grass Flying
Dartrix
0%
Gen 5
Water
Dewott
0%
Gen 8
Water
Drizzile
0%
Gen 4
Water Steel
Empoleon
0%
Gen 6
Fire
Fennekin
0%
Gen 9
Grass
Floragato
0%
Gen 6
Water
Frogadier
0%
Gen 9
Fire
Fuecoco
0%
Gen 8
Grass
Grookey
0%
Gen 4
Grass
Grotle
0%
Gen 3
Grass
Grovyle
0%
Gen 7
Fire Dark
Incineroar
0%
Gen 4
Fire Fighting
Infernape
0%
Gen 8
Water
Inteleon
0%
Gen 3
Water Ground
Marshtomp
0%
Gen 9
Grass Dark
Meowscarada
0%
Gen 4
Fire Fighting
Monferno
0%
Gen 3
Water
Mudkip
0%
Gen 4
Water
Piplup
0%
Gen 4
Water
Prinplup
0%
Gen 9
Water Fighting
Quaquaval
0%
Gen 9
Water
Quaxly
0%
Gen 9
Water
Quaxwell
0%
Gen 6
Grass
Quilladin
0%
Gen 8
Fire
Raboot
0%
Gen 8
Grass
Rilaboom
0%
Gen 5
Grass
Serperior
0%
Gen 5
Grass
Servine
0%
Gen 9
Fire Ghost
Skeledirge
0%
Gen 8
Water
Sobble
0%
Gen 9
Grass
Sprigatito
0%
Gen 3
Water Ground
Swampert
0%
Gen 8
Grass
Thwackey
0%
Gen 4
Grass Ground
Torterra
0%
No matching quizzes found
Score Distribution
Percent of People with Each Score
Percentile by Number Answered
Your Score History
You have not taken this quiz